| 000 | 00860cab a2200181 4500 | ||
|---|---|---|---|
| 001 | L129285 | ||
| 008 | 050407n2005 000 0 eng u | ||
| 035 | _a(Sirsi) u129285 | ||
| 041 | _aeng | ||
| 100 | _aSanderson, Paul | ||
| 245 | _aRevaluation 2005 | ||
| 260 | _c2005 | ||
| 490 |
_aRICS Business _vApril 2005, 12-13(2) |
||
| 520 | _aExamines the impact on surveyors and their clients of the new rateable values for non-domestic properties in England and Wales which were published by the Valuation Office Agency (VOA) on 1 April 2005. Sets out how the VOA carried out the revaluation and looks at new and improved facilities offered by the VOA, including the new website for ratepayers and agents, www.mybusinessrates.gov.uk. | ||
| 590 | _aIKA150405 | ||
| 690 | _aPROPERTY-COMMERCIAL PROPERTY-COMMERCIAL PROPERTY TAXATION-BUSINESS RATES | ||
| 942 | _n0 | ||
| 999 |
_c75048 _d75048 |
||